000
00321pab a2200145 454500
008
180718b1999 xxu||||| |||| 00| 0 eng d
100
_a
Mann, R.S.
245
_a
Elections: evading the real issues
260
_c
1999
300
_a
p.10
362
_a
7 Jun
650
_a
Elections
773
_a
Tribune
909
_a
42398
999
_c
42398
_d
42398